Normal view MARC view

Entry Personal Name

Number of records used in: 2

001 - CONTROL NUMBER

  • control field: 89481

003 - CONTROL NUMBER IDENTIFIER

  • control field: dpl

005 - DATE AND TIME OF LATEST TRANSACTION

  • control field: 20260701143801.0

008 - FIXED-LENGTH DATA ELEMENTS

  • fixed length control field: 260701|| aca||aabn | a|a d

040 ## - CATALOGING SOURCE

  • Original cataloging agency: dpl
  • Transcribing agency: dpl

100 ## - HEADING--PERSONAL NAME

  • Personal name: Verma, Suresh

670 ## - SOURCE DATA FOUND

  • Source citation: Work cat.: (dpl)216811: Verma, Suresh, Transforming India Gamechanger in Action/, 2024

© Delhi Public Library
Hit Counter
free hit counter